| 000 | 01098nmm a2200313 a 4500 | ||
|---|---|---|---|
| 001 | ocm000940799 | ||
| 003 | TR-IsHL | ||
| 005 | 20201028145941.0 | ||
| 008 | 150110s2013 tu tur | ||
| 007 | cr cn | ||
| 020 | _a9786055218478 | ||
| 035 |
_a940799 _b(N$T) |
||
| 050 | 0 | 4 |
_aQB36.T37 _bK89 2013 |
| 090 | 0 | 4 |
_aQB36.T37 _bK89 2013 |
| 100 | 1 | _aKuzu, Ali | |
| 245 | 1 | 0 |
_aTakiyüddin: uzayı çözen bilim adamı _h[electronic resource] / _cAli Kuzu |
| 260 |
_aİstanbul : _bParaf Yayınları, _c2013 |
||
| 300 | _a168 p. | ||
| 650 | 4 | _aAstronomi ve Uzay | |
| 650 | 4 | _aAstronomy & Space Sciences | |
| 650 | 0 | _aTakiyüddin bin Manıf, 1525 ya da -1585 | |
| 650 | 0 | _aTaqī al-Dīn Muhammad ibn Marūf, 1525 or 6-1585 | |
| 650 | 0 |
_aAstronomlar _x Biyografi |
|
| 650 | 0 |
_aAstronomers _x Biography |
|
| 650 | 0 |
_aAstronomi _x Türkiye _x 16. yüzyıl |
|
| 650 | 0 |
_aAstronomy _x Turkey _x 16th century |
|
| 650 | 7 |
_aBIOGRAPHY & AUTOBIOGRAPHY / Science & Technology _2bisacsh |
|
| 856 | 4 | 0 | _uhttp://search.ebscohost.com/login.aspx?direct=true&scope=site&db=e011xww&AN=940799 |
| 999 |
_c10216 _d10216 |
||